00801nam a2200217Ii 45000010005000000030009000050080041000140400033000550410008000880820015000961100090001112450058002012640029002593000012002883360026003003370028003263380027003549400050003819990017004319520135004489084CO-ViMGA241108s9999||||xx |||||||||||||| ||und|| aCO-ViMGAbspaerdacCO-ViMGA0 aspa04a621.57 A681 aOrganización de las Naciones Unidas para la Agricultura y al Alimentación,95319410aProyecto de explotación de almacenes frigoríficos 1aRoma, Italia : FAO, 1985 avolumen atextbtxt2rdacontent aunmediatedbn2rdamedia avolumebnc2rdacarrier aidficha_siabuc: 8883. -- ficha_no_siabuc:9084 c49700d49700 001040708001aMEVIGERRbMEVIGERRcGENd2006-11-27o621.57 A68pECA9520r2024-11-26 10:01:18tEj.1w2024-11-26yBKz8883 | 12363